000
00225nam a2200097Ia 4500
001
641744
005
20250826153513.0
008
250824s9999 xx 000 0 und d
245
2
_a
A TİK TUK
_c
ÇĞDEM GÜNDEŞ
260
_b
TUDEM
999
_c
641744
_d
641744